000 00508nam a2200169 i 4500
001 149290
003 ES-MaACL
005 20230906203029.0
007 t|
008 071019s1961 sp ||||1| spa d
100 1 _aVann, Gerald.
_9113074
245 1 3 _aEl camino del hijo /
_cGerald Vann ; [traducción del inglés por Manuel Bosch Barret].
260 _aBarcelona :
_bPlaneta,
_c[1961]
300 _a277 p. ;
_c24 cm.
700 1 _aBosch Barrett, Manuel.
_930649
852 _aES-MaACL
_jF-14087
_bR.48067
999 _c149290
_d149290